Zhodnotenie výhod a nevýhod odchodu zamestnancov do predčasného dôchodku bakalárska práca

Gespeichert in:
Bibliographische Detailangaben
1. Verfasser: Szabó, Andrej
Körperschaft: Fakulta hospodárskej informatiky EU. Katedra účtovníctva a audítorstva
Weitere Verfasser: Bednárová, Michaela, 1987-
Format: Buch
Sprache:Slowakisch
Veröffentlicht: Bratislava 2025
Tags: Tag hinzufügen
Keine Tags, Fügen Sie das erste Tag hinzu!

MARC

LEADER 00000nbm a2200000 4500
001 0310632
005 20260218102114.3
041 0 |a slo 
044 |a SK 
245 1 0 |a Zhodnotenie výhod a nevýhod odchodu zamestnancov do predčasného dôchodku  |b bakalárska práca  |c Andrej Szabó ; školiteľ: Michaela Bednárová 
264 1 |a Bratislava  |c 2025 
300 |a 35 s. 
100 1 |a Szabó, Andrej 
700 1 |a Bednárová, Michaela, 1987- 
710 2 |a Fakulta hospodárskej informatiky EU. Katedra účtovníctva a audítorstva